<?xml version="1.0" encoding="UTF-8"?>
<collection xmlns="http://www.loc.gov/MARC21/slim">
 <record>
  <leader>     na                 </leader>
  <controlfield tag="001">INLIS000000000010668</controlfield>
  <controlfield tag="005">20221209094632</controlfield>
  <datafield tag="035" ind1=" " ind2=" ">
   <subfield code="a">0010-1122000010</subfield>
  </datafield>
  <controlfield tag="007">ta</controlfield>
  <controlfield tag="008">221209                g          0 ind  </controlfield>
  <datafield tag="020" ind1=" " ind2=" ">
   <subfield code="a">978-979-769-294-0</subfield>
  </datafield>
  <datafield tag="082" ind1=" " ind2=" ">
   <subfield code="a">380.5</subfield>
  </datafield>
  <datafield tag="084" ind1=" " ind2=" ">
   <subfield code="a">380.5 SOE h</subfield>
  </datafield>
  <datafield tag="100" ind1="0" ind2=" ">
   <subfield code="a">Martono</subfield>
  </datafield>
  <datafield tag="245" ind1="1" ind2=" ">
   <subfield code="a">Hukum Angkutan Udara :</subfield>
   <subfield code="b">berdasarkan UU Ri No. 1 Tahun 2009 /</subfield>
   <subfield code="c">Martono, Amad Sudiro</subfield>
  </datafield>
  <datafield tag="250" ind1=" " ind2=" ">
   <subfield code="a">Cet. 1</subfield>
  </datafield>
  <datafield tag="260" ind1=" " ind2=" ">
   <subfield code="a">Jakarta :</subfield>
   <subfield code="b">Rajawali Pers,</subfield>
   <subfield code="c">2010</subfield>
  </datafield>
  <datafield tag="300" ind1=" " ind2=" ">
   <subfield code="a">xxiv, 372 hlm ;</subfield>
   <subfield code="c">23 cm</subfield>
  </datafield>
  <datafield tag="650" ind1=" " ind2="4">
   <subfield code="a">Transportasi Udara</subfield>
  </datafield>
  <datafield tag="700" ind1="0" ind2=" ">
   <subfield code="a">Amad Sudiro</subfield>
  </datafield>
  <datafield tag="520" ind1=" " ind2=" ">
   <subfield code="a">Buku ini membahas tentang masalah angkutan udara yang diatur dalam UURI No.1 Tahun 2009, yang meliputi kebijakan baru transportasi udara berkenaan dengan modal perusahaan penerbangan (airline capital), komposisi saham (shares composition), kepemilikan pesawat udara (aircraft ownership), jaminan bank (bank guarantee), sumber daya manusia (resource person), kebijakan tarif penumpang (passenger tariff policy) pesawat udara baik ekonomi maupun non-ekonomi, tarif jasa kebandarudaraan dan penegakan hukum. Berdasarkan kebijakan baru transportasi tersebut, kemudian dibahas secara lebih rinci mengenai angkutan udara dalam negeri termasuk di dalamnya asas sabotase, angkutan udara berjadwal maupun tidak berjadwal beserta syarat-syarat yang harus dipenuhi untuk memperoleh izin usaha angkutan udara niaga maupun bukan niaga, jejaring penerbangan, penerbangan perintis, angkutan udara berjadwal maupun tidak berjadwal luar negeri, Perjanjian Bermuda 1946, perjanjian angkutan udara internasional timbal balik, angkutan barang khusus, bahan berbahaya, kewajiban angkut, fasilitas angkutan untuk orang cacat, orang sakit, orang tua, serta kegiatan penunjang lainnya dan pelaksanaan angkutan udara, asuransi penerbangan, dana kecelakaan wajib penumpang, kerjasama antar perusahaan penerbangan, dana kecelakaan wajib penumpang, kerja sama antar perusahaan penerbangan dengan modal seluruhnya nasional atau gabungan modal nasional dengan modal asing.</subfield>
  </datafield>
  <datafield tag="990" ind1=" " ind2=" ">
   <subfield code="a">21500/MKRI-P/XI-2011</subfield>
  </datafield>
  <datafield tag="990" ind1=" " ind2=" ">
   <subfield code="a">21501/MKRI-P/XI-2011</subfield>
  </datafield>
  <datafield tag="990" ind1=" " ind2=" ">
   <subfield code="a">21502/MKRI-P/XI-2011</subfield>
  </datafield>
  <datafield tag="990" ind1=" " ind2=" ">
   <subfield code="a">21503/MKRI-P/XI-2011</subfield>
  </datafield>
  <datafield tag="990" ind1=" " ind2=" ">
   <subfield code="a">21502/MKRI-P/XI-2011</subfield>
  </datafield>
  <datafield tag="990" ind1=" " ind2=" ">
   <subfield code="a">21500/MKRI-P/XI-2011</subfield>
  </datafield>
  <datafield tag="990" ind1=" " ind2=" ">
   <subfield code="a">21501/MKRI-P/XI-2011</subfield>
  </datafield>
  <datafield tag="990" ind1=" " ind2=" ">
   <subfield code="a">21503/MKRI-P/XI-2011</subfield>
  </datafield>
  <datafield tag="990" ind1=" " ind2=" ">
   <subfield code="a">21501/MKRI-P/XI-2011</subfield>
  </datafield>
  <datafield tag="990" ind1=" " ind2=" ">
   <subfield code="a">21500/MKRI-P/XI-2011</subfield>
  </datafield>
  <datafield tag="990" ind1=" " ind2=" ">
   <subfield code="a">21502/MKRI-P/XI-2011</subfield>
  </datafield>
  <datafield tag="990" ind1=" " ind2=" ">
   <subfield code="a">21503/MKRI-P/XI-2011</subfield>
  </datafield>
  <datafield tag="990" ind1=" " ind2=" ">
   <subfield code="a">21500/MKRI-P/XI-2011</subfield>
  </datafield>
  <datafield tag="990" ind1=" " ind2=" ">
   <subfield code="a">21501/MKRI-P/XI-2011</subfield>
  </datafield>
  <datafield tag="990" ind1=" " ind2=" ">
   <subfield code="a">21502/MKRI-P/XI-2011</subfield>
  </datafield>
  <datafield tag="990" ind1=" " ind2=" ">
   <subfield code="a">21503/MKRI-P/XI-2011</subfield>
  </datafield>
  <datafield tag="990" ind1=" " ind2=" ">
   <subfield code="a">21503/MKRI-P/XI-2011</subfield>
  </datafield>
  <datafield tag="990" ind1=" " ind2=" ">
   <subfield code="a">21500/MKRI-P/XI-2011</subfield>
  </datafield>
  <datafield tag="990" ind1=" " ind2=" ">
   <subfield code="a">21501/MKRI-P/XI-2011</subfield>
  </datafield>
  <datafield tag="990" ind1=" " ind2=" ">
   <subfield code="a">21502/MKRI-P/XI-2011</subfield>
  </datafield>
 </record>
</collection>
